000 02110nam a2200205 i 4500
001 166327
003 ES-MaACL
005 20250929063245.0
008 000217s1772 it |||| | ita d
100 1 _aTiraboschi, Girolamo,
_d1731-1794
_9133262
245 1 0 _aStoria della letteratura italiana /
_cdi Girolamo Tiraboschi della Compagnia di Gesù bibliotecario del serenissimo Duca di Modena ; Tomo primo [-decimo].
260 _aIn Modena :
_bpresso la Societá Tipografica ...,
_c1772-1782.
300 _a13 v. ;
_c4º.
505 8 _aContiene: 1: Tomo primo, che comprende la storia della letteratura degli Etruschi, de' popoli della Magna Grecia, e dell'antica Sicilia, e de' Romani fino alla morte d'Augusto -- · 2: Dalla morte di Augusto sino alla caduta dell'Impero occidentale -- 3: Dalla rovina dell'Impero occidentale fino all'anno 1183 -- · 4: Dall'anno 1183. fino all'anno 1300 -- · 5: Dall'anno 1300. fino all'anno 1400 -- · T. 5.: Dall'anno 1300 fino all'anno 1400 -- · 6.1: Dall'anno 1400. fino all'anno 1500. Parte prima -- · 6.2: Dall'anno 1400. fino all'anno 1500. Parte seconda -- · 7.1: Dall'anno 1500. all'anno 1600. Parte prima -- · 7.2: Dall'anno 1500. all'anno 1600. Parte seconda -- · 7.3: Dall'anno 1500. all'anno 1600. Parte terza -- · 8: Dall'anno 1600. all'anno 1700 -- · 9: Tomo 9. Che contiene le aggiunte, e le correzioni -- · 10: Tomo 10. Che contiene l'indice generale di tutta l'opera, con alcune altre iunte e correzioni --
596 _aPosible marca tip. en port.
597 _aSign.: *4, 2*6, A-Z4, 2A-2S4, 2T6 ; *-3*4, A-Z4, 2A-2Z4, 3A-3E4, 3F6 ; *4, 2*7, A-Z4, 2A-2Z4, 3A4, 3B8 ; []3, A-Z4, 2A-2Z4, 3A-3F4, 3G6 ; a-b4, c6, A-Z4, 2A-2Z4, 3A-3X4, 3Y6 ; *4, A-Z4, 2A-2Z4, 3A-3Q4 ; []2, A-Z4, 2A-2Z4, 3A-3F4, 3G6 ; *4, A-Z4, 2A-2Z4, 3A-3P4 ; *2, A-Z4, 2A-2Z4, 3A-3G4, 3H8 ; []2, A-Z4, 2A-2Z4, 3A-3p4 ; []4, A-Z4, 2A-2Z4, 3A6 ; a6, A-Z4, 2A-2T4 ; A4, A-Z4, 2A-2M4, 2N7.
650 4 _aLiteratura italiana-
_xHistoria y crítica.
_914631
852 _aES-MaACL
_jR-787-99
_z- Enc. hol.
_x- Olim: G-5250-62
999 _c166327
_d166327